000 01221cad a22003135a 4500
001 L150273
008 100618s2010 xxk f 000 0 eng d
020 _a9781842196014
035 _a(Sirsi) u150273
041 0 _aeng
050 0 4 _a333.332 $2 18
110 2 _aRoyal Institution of Chartered Surveyors
_94900
245 0 0 _aValuing change
_h[electronic resource]
260 _aCoventry
_bRICS
_c2010
300 _aiv, 16p.
_bill.
_c28cm.
490 0 _aRICS Guidance Note
490 0 _aRICS Practice Standards UK
490 0 _aRICS Black Book
505 2 _aIntroduction -- General principles: Level 1- knowing -- Practical applications: level 2- doing -- Practical considerations: level 3- doing/advising
520 _aThis guidance note explains change and how it is valued using JCT, NEC and FIDIC forms of contract.
521 _aAdvanced
590 _aKA
650 2 4 _aRICS BLACK BOOK
650 2 4 _aRICS QS AND CONSTRUCTION STANDARDS
651 4 _aUnited Kingdom
690 _aPROPERTY-PROPERTY APPRAISAL AND VALUATION
856 4 1 _uhttps://www.rics.org/uk/upholding-professional-standards/sector-standards/construction/black-book/valuing-change/
_zAvailable free on RICS.org
942 _n0
_2ddc
999 _c110812
_d110812